Medio siglo de trato francés en Madrid (1870-1920) / (Record no. 45244)

MARC details
000 -LEADER
campo de control de longitud fija 00463nam a2200145 i 4500
001 - NÚMERO DE CONTROL
campo de control 45244
003 - IDENTIFICADOR DE NÚMERO DE CONTROL
campo de control ES-MaACL
007 - CAMPO FIJO DE DESCRIPCIÓN FÍSICA--INFORMACIÓN GENERAL
campo de control de longitud fija t|
008 - DATOS DE LONGITUD FIJA--INFORMACIÓN GENERAL
campo de control de longitud fija 030325s1981 sp ||||1| spa d
100 1# - ENTRADA PRINCIPAL--NOMBRE DE PERSONA
Nombre de persona Cobos Castro, Esperanza.
9 (RLIN) 39371
245 10 - MENCIÓN DEL TÍTULO
Título Medio siglo de trato francés en Madrid (1870-1920) /
Mención de responsabilidad, etc. Esperanza Cobos Castro.
260 ## - PUBLICACIÓN, DISTRIBUCIÓN, ETC.
Lugar de publicación, distribución, etc. Córdoba :
Nombre del editor, distribuidor, etc. [Librería Andaluza :
-- Astur],
Fecha de publicación, distribución, etc. 1981.
300 ## - DESCRIPCIÓN FÍSICA
Extensión 364 p., 12 lám. ;
Dimensiones 21 cm.
852 ## - LOCALIZACIÓN
Ubicación ES-MaACL
Número de control de estantería L-4996
Sublocalización o colección R.105279
Holdings
Estatus retirado Estado de pérdida Estado de daño No para préstamo Biblioteca de origen Biblioteca actual Ubicación en estantería Fecha de adquisición Fuente de adquisición Total de préstamos Signatura topográfica completa Código de barras Visto por última vez Precio de reemplazo Tipo de ítem Koha
        Biblioteca del Ateneo de Madrid Biblioteca del Ateneo de Madrid Depósito 2 17/01/2008     L-4996 1047610 23/02/2023 23/02/2023 Libro impreso